De V O C in Azie (Record no. 510505)

MARC details
000 -LEADER
fixed length control field 00731nam a2200253Ia 4500
003 - CONTROL NUMBER IDENTIFIER
control field OSt
005 - DATE AND TIME OF LATEST TRANSACTION
control field 20220925185323.0
008 - FIXED-LENGTH DATA ELEMENTS--GENERAL INFORMATION
fixed length control field 220923b |||||||| |||| 00| 0 eng d
020 ## - INTERNATIONAL STANDARD BOOK NUMBER
International Standard Book Number 9022837211
037 ## - SOURCE OF ACQUISITION
Terms of availability General Book
040 ## - CATALOGING SOURCE
Original cataloging agency RTL
Transcribing agency RTL
Language of cataloging eng
041 ## - LANGUAGE CODE
Source of code eng
Language code of text/sound track or separate title eng
100 ## - MAIN ENTRY--PERSONAL NAME
Personal name Meilink-Roelofsz M A P
9 (RLIN) 233887
245 #0 - TITLE STATEMENT
Title De V O C in Azie
260 ## - PUBLICATION, DISTRIBUTION, ETC.
Place of publication, distribution, etc. Amsterdam
Name of publisher, distributor, etc. Fibula-Van Dishoeck Netherlands
Date of publication, distribution, etc. 1976
300 ## - PHYSICAL DESCRIPTION
Extent 243p
Dimensions cm.
500 ## - GENERAL NOTE
General note Index(Register):P237-43
650 ## - SUBJECT ADDED ENTRY--TOPICAL TERM
Topical term or geographic name entry element East India Comapny
9 (RLIN) 233888
942 ## - ADDED ENTRY ELEMENTS (KOHA)
Classification part V2, k, D:3M, 112L6
Koha item type General Books
Source of classification or shelving scheme Colon Classification (CC)

No items available.

Copyright @ Delhi University Library System